Normal view
MARC view
- Yaduvanshi N.P.S.
Entry Personal Name
001 - CONTROL NUMBER
- control field: 1103
003 - CONTROL NUMBER IDENTIFIER
- control field: OSt
005 - DATE AND TIME OF LATEST TRANSACTION
- control field: 20160721155514.0
008 - FIXED-LENGTH DATA ELEMENTS
- fixed length control field: 160721|| aca||aabn | a|a d
040 ## - CATALOGING SOURCE
- Original cataloging agency: OSt
- Transcribing agency: OSt
100 ## - HEADING--PERSONAL NAME
- Personal name: Yaduvanshi N.P.S.
670 ## - SOURCE DATA FOUND
- Source citation: Work cat.: (OSt): Gupta I.C. 1102, Standard Methods for Analysis of Soil Plant and Water, 2012
